| 000 | 00590nam a2200205Ia 4500 | ||
|---|---|---|---|
| 999 |
_c45441 _d45441 |
||
| 001 | 12265 | ||
| 003 | GE_BSU | ||
| 005 | 20221121111013.0 | ||
| 008 | 181216s2003||||enk|||||||||||||| ||eng|| | ||
| 020 | _a9780750656689x | ||
| 040 | _cGE_BSU | ||
| 050 | _aeng | ||
| 080 | _a338.48+339.138+658 R-39 | ||
| 100 |
_aReisinger, Yvette _915952 |
||
| 245 |
_aCross-Cultural Behaviour in Tourism : _bConcepts and Analysis / _cYvette Reisinger. |
||
| 264 |
_aLondon : _bBoutledge, _c2003. |
||
| 300 |
_a337 p.; _b23 cm. |
||
| 653 | _aკულტურა ტურიზმში | ||
| 942 |
_cBK _2udc |
||